Library of the University of Algiers 3
Ibrahim Sultan Cheibout
شعار جامعة الجزائر 3
مكتبة جامعة الجزائر 3
إبراهيم سلطان شيبوط

الاساليب الكمية في اتخاذ القرارات الادارية(بحوث العمليات) / (رقم التسجيلة. 45830)

تفاصيل مارك
000 -LEADER
fixed length control field 00653nam a2200181Ia 4500
003 - CONTROL NUMBER IDENTIFIER
control field Ost
005 - DATE AND TIME OF LATEST TRANSACTION
control field 20260507075701.0
008 - FIXED-LENGTH DATA ELEMENTS--GENERAL INFORMATION
fixed length control field 260507s9999||||xx |||||||||||||| ||und||
020 ## - INTERNATIONAL STANDARD BOOK NUMBER
International Standard Book Number 142249957
040 ## - CATALOGING SOURCE
Transcribing agency fsecg
041 ## - LANGUAGE CODE
Language code of text/sound track or separate title ara
100 ## - MAIN ENTRY--PERSONAL NAME
Personal name المهتدي، اكرم محمد عرفان
Relator term مؤلف
245 #0 - TITLE STATEMENT
Title الاساليب الكمية في اتخاذ القرارات الادارية(بحوث العمليات) /
Statement of responsibility, etc. اكرم محمد عرفان المهتدي
260 ## - PUBLICATION, DISTRIBUTION, ETC.
Place of publication, distribution, etc. عمان:
Name of publisher, distributor, etc. دار صفاء للنشر و التوزيع,
Date of publication, distribution, etc. 2004
300 ## - PHYSICAL DESCRIPTION
Extent 200 صفحة؛
653 ## - INDEX TERM--UNCONTROLLED
Uncontrolled term ادارة،بحوث عمليات
942 ## - ADDED ENTRY ELEMENTS (KOHA)
Koha item type كتب

لا توجد مواد متاحة.

موارد الويب المفتوحة


© University of Algiers 3 All Rights Reserved
|
Implemented by LECHELAH Riad